00452 2200145 4500001002100000005001500021008003900036082001000075084001600085100001800101245009100119260006300210650001200273090002100285INLIS00000000000987220260409152601260409 | | |  a624.1 a624.1 DIA s1 aDIAN LARASATI10aPengaruh Penambahan Cangkang Sawit Terhadap Kuat Tekan Beton F'c 25 MPacDIAN LARASATI aPalangka RayabUniversitas Muhammadiyah Palangkarayac2021 4aSKRIPSI aNIM 15.51.016714